000 00539nam a2200193 a 4500
001 1771665851165
003 YourLibrary
005 20260221145718.0
008 260221s2002##################000#0#eng##
020 _a9781840646047
082 0 4 _a338.476213
_bCYH
100 1 _aCyhn, Jin W.,
_eauthor.
245 1 0 _aTechnology Transfer and International Production :
260 _bEdward Elgar Publishing,
_c2002.
300 _a344 pages
650 0 _aBusiness & Economics.
942 _cENGLISH
040 _aYourLibrary
_beng
_cYourLibrary
999 _c615179
_d615179